Real & Complex Analysis/ (Record no. 203563)

MARC details
000 -LEADER
fixed length control field 00578nam a22001937a 4500
005 - DATE AND TIME OF LATEST TRANSACTION
control field 20240612165200.0
010 ## - LCCN (DPL NO)
LC control number ENG-140587
020 ## - INTERNATIONAL STANDARD BOOK NUMBER
International Standard Book Number 9789355326119
Terms of availability 950.00
035 ## - SYSTEM CONTROL NUMBER
System control number EN-124119
037 ## - SOURCE OF ACQUISITION
Source of stock number/acquisition DBAD
082 ## - DEWEY DECIMAL CLASSIFICATION NUMBER
Classification number 515
Edition number 3
100 ## - MAIN ENTRY--PERSONAL NAME
Personal name Rudin, Walter
245 ## - TITLE STATEMENT
Title Real & Complex Analysis/
Statement of responsibility, etc By Walter Rudin
250 ## - EDITION STATEMENT
Edition statement 3
260 ## - PUBLICATION, DISTRIBUTION, ETC. (IMPRINT)
Place of publication, distribution, etc Chennai
Name of publisher, distributor, etc Mc Graw Hill Education
Date of publication, distribution, etc 2023
270 ## - ADDRESS
Address Anjana Complex NO. 5/90 A, Butt Road, St. Thomas Mount
City Chennai
Postal code 600116
300 ## - PHYSICAL DESCRIPTION
Extent xiv,416p.
Dimensions 22cm(pbk)
Other physical details index
942 ## - ADDED ENTRY ELEMENTS (KOHA)
Source of classification or shelving scheme Dewey Decimal Classification
Item type English Books
Classification part 515
Call number suffix RUD
Edition 3
Holdings
Withdrawn status Lost status Not for loan Collection code Home library Current library Date acquired Source of acquisition Cost, normal purchase price Full call number Barcode Copy number Cost, replacement price Koha item type
      Non-fiction Central Library Central Library 12/06/2024 DBAD 950.00 515 RUD EN-124119 1 950.00 English Books

© Delhi Public Library
Hit Counter
free hit counter